LEADER 00899nas 2200301-a 450 001 9910680333403321 005 20200526055242.5 011 $a1943-1929 035 $a(OCoLC)232302483 035 $a(CKB)5070000000000092 035 $a(CONSER)--2008205797 035 $a(EXLCZ)995070000000000092 100 $a20080618a20089999 --- a 101 0 $aeng 200 00$aIndependent provisioner 210 $aTroy, MI $cBNP Media II, LLC 300 $a"Serving small and midsize meat, poultry, and game processors." 517 1 $aIP 606 $aMeat industry and trade$vPeriodicals 606 $aMeat industry and trade$2fast$3(OCoLC)fst01013271 608 $aPeriodicals.$2fast 615 0$aMeat industry and trade 615 7$aMeat industry and trade. 676 $a338 906 $aJOURNAL 912 $a9910680333403321 996 $aIndependent provisioner$92393548 997 $aUNINA LEADER 01470nam a2200349 i 4500 001 991000195439707536 008 030307s2002 njua b 100 0 eng d 020 $a9812382356 035 $ab12583030-39ule_inst 040 $aDip.to Matematica$beng 082 0 $a629.8312$221 084 $aAMS 74M05 084 $aLC QA401.I5 111 2 $aINdAM meeting Mathematical models for smart materials$d<2001 ;$cCortona, Italy>$0481593 245 10$aMathematical models and methods for smart materials :$bCortona, Italy, 25-29 June 2001 /$ceditors Mauro Fabrizio, Barbara Lazzari, Angelo Morro 260 $aRiver Edge, N. J. :$bWorld Scientific,$cc2002 300 $axv, 374 p. :$bill. ;$c24 cm 440 0$aSeries on advances in mathematics for applied sciences ;$v62 504 $aIncludes bibliographical references 650 0$aMathematical models$xMathematical models$vCongresses 650 0$aSmart structures 650 0$aFunctions (Mathematics) 700 1 $aFabrizio, Mauro 700 1 $aMorro, Angelo 700 1 $aLazzari, Barbara 710 2 $aIstituto nazionale di alta matematica Francesco Severi 907 $a.b12583030$b21-09-06$c19-12-03 912 $a991000195439707536 945 $aLE013 74M FAB11 (2002)$g1$i2013000147697$lle013$og$pE25.00$q-$rl$s- $t0$u0$v0$w0$x0$y.i13834125$z03-09-04 996 $aMathematical models and methods for smart materials$9252910 997 $aUNISALENTO 998 $ale013$b19-12-03$cm$da $e-$feng$gnju$h0$i1 LEADER 00940nam a2200241 i 4500 001 991001477559707536 005 20020507194201.0 008 010529s1999 it ||| | ita 035 $ab10852876-39ule_inst 035 $aLE01312850$9ExL 040 $aDip.to Matematica$beng 084 $aAMS 62G10 100 1 $aPerrone, Anna$0537322 245 10$aVerifica di ipotesi :$bindipendenza. Tesi di laurea /$claureanda Anna Perrone ; relat. Carlo Sempi 260 $aLecce :$bUniversità degli studi. Facoltà di Scienze. Corso di laurea in Matematica,$ca.a. 1999-00 650 4$aHypothesis testing 700 1 $aSempi, Carlo 907 $a.b10852876$b02-04-14$c28-06-02 912 $a991001477559707536 945 $aLE013 TES 1999/00 PER1$g1$i2013000127491$lle013$o-$pE0.00$q-$rl$s- $t0$u0$v0$w0$x0$y.i10964460$z28-06-02 996 $aVerifica di ipotesi$9918334 997 $aUNISALENTO 998 $ale013$b01-01-01$cm$da $e-$fita$git $h0$i1